Gaming Quiz

Random Gaming or Anime Quiz

Pokemon Leaders, Elite, Brains Etc. Quiz Stats

 Plays Quiz not verified by Sporcle

Support Sporcle.
Go Orange.
Score 0/81 Timer 10:00
0 Plays Today
Hint Name % Correct
Pewter City - Gen I, II, III, IVBrock
98.7%
Cerulean City - Gen I, II, III, IVMisty
95.8%
Vermiliion City - Gen I, II, III, IVLt. Surge
81.7%
Saffron City - Gen I, II, III, IVSabrina
81.5%
Viridian City - Gen I, IIIGiovanni
81.1%
Celadon City - Gen I, II, III, IVErika
80.9%
Cinnabar Island - Gen I, III/ Seafoam Island Gen II, IVBlaine
79.7%
Fuchsia City - Gen I, IIIKoga
79.1%
Indigo League - Gen II, IVKoga
79.1%
Indigo League - Gen I, IIILance
74%
Indigo Champion - Gen II, IVLance
74%
Viridian City - Gen II, IVBlue
72.2%
Indigo Champion - Gen I, IIIBlue
72.2%
Azalea Town - Gen II, IVBugsy
70.2%
Olivine City - Gen II, IVJasmine
69%
Viridian City - AnimeAgatha
68.8%
Indigo League - Gen I, IIIAgatha
68.8%
Indigo League - Gen I, II, III, IVBruno
67.2%
Goldenrod City - Gen II, IVWhitney
67.2%
Violet City - Gen II, IV Falkner
66.1%
Blackthorn City - Gen II, IVClair
65.3%
Ecruteak City - Gen II, IVMorty
64.4%
Lavaridge Town - Gen IIIFlannery
63.7%
Petalburg City - Gen IIINorman
63.5%
Cianwood City - Gen II, IVChuck
62.4%
Rustboro City - Gen IIIRoxanne
62.3%
Fuchsia City - Gen II, IVJanine
62.1%
Hint Name % Correct
Sootopolis City - Gen III R/SWallace
62.1%
Hoenn League Champion - Gen III EWallace
62.1%
Mahogany Town - Gen II, IVPryce
61.9%
Pewter City - AnimeFlint
60.4%
Sinnoh League - Gen IVFlint
60.4%
Dewford Town - Gen IIIBrawly
60.3%
Indigo League - Gen I, IIILorelei
60.1%
Sinnoh League ChampionCynthia
59.2%
Oreburgh City - Gen IVRoark
59%
Pastoria City - Gen IVCrasher Wake
58.8%
Pummelo Island - AnimeDrake
58.6%
Mauville City - Gen IIIWattson
58.6%
Hoenn League - Gen IIIDrake
58.6%
Fortree City - Gen III Winona
58.4%
Hoenn League Champion - Gen III R/SSteven
58.3%
Sootopolis City - Gen III EJuan
56.8%
Eterna City - Gen IVGardenia
56.6%
Mossdeep City - Gen IIITate and Liza
56.1%
Indigo League - Gen II, IVWill
55.7%
Sunyshore City - Gen IVVolkner
55.5%
Hearthome City - Gen IVFantina
54.1%
Snowpoint City - Gen IVCandice
53.9%
Indigo League - Gen II, IVKaren
53.5%
Veilstone City - Gen IVMaylene
52.8%
Sinnoh League - Gen IVAaron
49.9%
Canalave City - Gen IVByron
49.4%
Sinnoh League - Gen IVBertha
47.2%
Hint Name % Correct
Cerulean City - AnimeDaisy
46.5%
Hoenn League - Gen IIIPhoebe
46.1%
Hoenn League - Gen IIIGlacia
45.2%
Sinnoh League - Gen IVLucian
44.5%
Hoenn League - Gen IIISidney
43.9%
Viridian City - AnimeJessie/James/Meowth
43.2%
Battle Pike Queen - Gen IIILucy
42.8%
Battle Pyramid King - Gen IIIBrandon
40.8%
Cerulean City - AnimeLily
36.8%
Cerulean City - AnimeViolet
34.5%
Battle Tower Salon Maiden - Gen IIIAnabel
34.5%
Pewter City - AnimeForrest
33.9%
Battle Tower Tycoon - Gen IVPalmer
33.6%
Battle Dome Ace - Gen IIITucker
32.8%
Battle Arena Tycoon - Gen IIIGreta
31.6%
Battle Factory Head - Gen IIINoland
31%
Navel Island - AnimeDanny
26.3%
Trovita Island - AnimeRudy
26.3%
Battle Palace Maven - Gen IIISpenser
26.3%
Battle Castle Lady - Gen IVCaitlin
25%
Pewter City - AnimeLola
24.5%
Mikan Island - AnimeCissy
23.6%
Battle Arcade Star - Gen IVDahlia
22.5%
Battle Factory Head - Gen IVThorton
20.1%
Battle Castle Valet - Gen IVDarach
20.1%
Kumquat Island - AnimeLuana
19.2%
Battle Hall Matron - Gen IVArgenta
17.2%

You're not logged in!

Compare scores with friends on all Sporcle quizzes.
OR
Log In

From the Vault

European Countries with 'W'

by Ubbiebubbie

We know you're excited about the new Star Wars, but Wookie is not a European country.
Remove Ads.
Support Sporcle.
Get the best of Sporcle when you Go Orange. This ad-free experience offers more features, more stats, and more fun while also helping to support Sporcle. Thank you for becoming a member.

Show Comments

Extras

Top Quizzes Today


Score Distribution

Your Account Isn't Verified!

In order to create a playlist on Sporcle, you need to verify the email address you used during registration. Go to your Sporcle Settings to finish the process.

Report this User

Report this user for behavior that violates our Community Guidelines.

Details: